000 00476nab a2200145Ia 4500
003 ES-SlBCS
005 20210601130449.0
008 140529s1962 xxu||||| |||| 00| 0 fre d
041 _afre
100 1 _aPérigord, Monique
_9173301
245 0 0 _aDu rôle de l'instant dans la philosophie de Louis Lavelle
_c Monique Périgord
600 1 _aLavelle, Louis-Filosofía
_9173302
773 0 _tGiornali di Metafisica
_gvol. 17, nº. 3, 1962, págs. 240-259
_w0017-0372
942 _cAR
999 _c547116
_d547116